000
00313nam a22001337a 4500
008
181019b xxu||||| |||| 00| 0 eng d
020
_a
9780471407751
041
_a
eng
080
_2
10 ED
_a
910
100
_a
42
101
_a
GEO
245
_a
Geography Realms.regions An Concepts
_c
Blij.H.J
942
_2
udc
_c
BK
999
_c
50232
_d
50232